000 01877namaa2200373 i 4500
003 EG-GICUC
005 20251115125854.0
008 251115s2010 enka|||gr|||| 001 0 eng d
020 _a9781405196864
_qpbk. : alk. paper
020 _a1405196866
_qpbk. : alk. paper
040 _aEG-GiCUC
_beng
_cEG-GiCUC
_dEG-GiCUC
_erda
082 0 4 _221
_a303.4833
_bC3489 2010
092 0 4 _221
_a303.4833
_bC3489 2010
099 _a303.4833 C3489 2010
100 1 _aCastells, Manuel,
_d1942-
_eAuthor.
245 1 4 _aThe rise of the network society /
_cManuel Castells.
250 _a2nd ed., with a new pref.
264 _aChichester, West Sussex ;
_aMalden, MA :
_bWiley-Blackwell,
_c2010.
300 _avii, 597 pages :
_bIllustrations ;
_c24 cm.
336 _2rdacontent
_atext
337 _2rdamedia
_aUnmediated
338 _2rdacarrier
_avolume
490 _aThe information age : economy, society, and culture ;
_vv. 1
504 _aIncludes bibliographical references and index.
505 _aPrologue: the net and the self -- The information technology revolution -- The new economy: informationalism, globalization, networking -- The network enterprise: the culture, institutions, and organizations of the informational economy -- The transformation of work and employment: networkers, jobless, and flex-timers -- The culture of real virtuality: the integration of electronic communication, the end of the mass audience, and the rise of interactive networks -- The space of flows -- The egde of forever: timeless time -- Conclusion: the network society.
541 _aDr. Jabir Usfour ;
_bCairo ;
_cGift ;
_d2024.
650 1 _aInformation technology
_xEconomic aspects.
_2qrmak
650 1 _aInformation society.
650 1 _aInformation networks.
650 1 _aTechnology and civilization.
651 1 _2qrmak
905 _aAsmaa
942 _2ddc
_cBK
_e21
_n0
999 _c175844
_d175844